00241nam a2200085Ia 4500008004100000100001700041245005400058260003400112260000900146170620s9999 xx 000 0 und d aFox- Charles 0aEducational Psychology- It`s Problems and Methods bNew Delhi- Sonali Publication c2004